The Life and death of Dietrich Bonhoeffer / (Record no. 69890)
[ view plain ]
| 000 -LEADER | |
|---|---|
| fixed length control field | 00618nam a22001937a 4500 |
| 003 - CONTROL NUMBER IDENTIFIER | |
| control field | PILC |
| 005 - DATE AND TIME OF LATEST TRANSACTION | |
| control field | 20250619141028.0 |
| 008 - FIXED-LENGTH DATA ELEMENTS--GENERAL INFORMATION | |
| fixed length control field | 160920b1968 xxu||||| |||| 00| 0 eng d |
| 010 ## - LIBRARY OF CONGRESS CONTROL NUMBER | |
| LC control number | Acc#5916, 15475 |
| 040 ## - CATALOGING SOURCE | |
| Transcribing agency | Philippine Baptist Theological Seminary |
| 050 ## - LIBRARY OF CONGRESS CALL NUMBER | |
| Classification number | BX 4827 .B59 |
| Item number | B65 1968 |
| 100 ## - MAIN ENTRY--PERSONAL NAME | |
| Personal name | Bosanquet, Mary |
| 245 04 - TITLE STATEMENT | |
| Title | The Life and death of Dietrich Bonhoeffer / |
| Statement of responsibility, etc. | by Mary Bosanquet |
| 260 ## - PUBLICATION, DISTRIBUTION, ETC (IMPRINT) | |
| Place of publication, distribution, etc. | Great Britain : |
| Name of publisher, distributor, etc. | Hodder and Stoughton, |
| Date of publication, distribution, etc. | ©1968. |
| 300 ## - PHYSICAL DESCRIPTION | |
| Extent | 287 p. ; |
| Dimensions | 24 cm |
| 505 ## - FORMATTED CONTENTS NOTE | |
| Formatted contents note | Discipline-- Action-- Suffering-- Death. |
| 600 ## - SUBJECT ADDED ENTRY--PERSONAL NAME | |
| Personal name | Bonhoeffer, Dietrich |
| Chronological subdivision | 1906-1945 |
| 942 ## - ADDED ENTRY ELEMENTS (KOHA) | |
| Source of classification or shelving scheme | Dewey Decimal Classification |
| Koha item type | Circulation Books |
| Withdrawn status | Lost status | Source of classification or shelving scheme | Damaged status | Not for loan | Home library | Current library | Shelving location | Date acquired | Source of acquisition | Total Checkouts | Full call number | Barcode | Date last seen | Price effective from | Koha item type | Date last checked out |
|---|---|---|---|---|---|---|---|---|---|---|---|---|---|---|---|---|
| Dewey Decimal Classification | PBTS Library | PBTS Library | Circulation Section | 09/20/2016 | Gift | BX 4827 .B59 B65 1968 1 | 5916 | 03/09/2026 | 09/20/2016 | Circulation Books | ||||||
| Dewey Decimal Classification | PBTS Library | PBTS Library | Circulation Section | 11/04/2016 | Gift | 2 | BX 4827 .B59 B65 1968 2 | 15475 | 03/09/2026 | 11/04/2016 | Circulation Books | 09/06/2019 |